000
00293nam a22000977a 4500
999
_c
2747
_d
2747
008
180611b ||||| |||| 00| 0 eng d
100
_a
American Philatelic Society
245
_a
Manual of philatelic judging (1st ed. 1981)
260
_a
State College, PA
_b
APS
_c
1981
650
_a
Exhibitions | Judging